00795cam a2200241 a 4500999001500000001000600015003000900021005001700030008004000047020001800087040002800105082001900133245007800152260003700230300002400267504003700291650002700328650002300355700002300378700002300401942001200424952011700436 c3980d398019325BD-DhUAP20200316102244.0200316s1999 enka b 000 0 eng  a9780140138320 aDLCcDLCbEngdBD-DhUAP 223a809.04 MOD00aModernism b1890-1930 /cEdited by Malcolm Bradbury and James McFarlane. aLondon :bPenguin books,cc1991. a687 pages ;c18 cm. aIncludes bibliography and index. aModernism (Literature) aLiterature, Modern aBradbury, Malcolm. a McFarlane, James. 2ddccBK 00102ddc4070aUAPCLbUAPCLcGeneral Stacksd2020-03-16o809.04 MODp3010019325r2020-03-16t1w2020-03-16yBK